| 000 | 01146cam a22003617a 4500 | ||
|---|---|---|---|
| 001 | 000011033 | ||
| 003 | CHAP | ||
| 005 | 20220817041314.0 | ||
| 008 | 020522d1988 mx bd r 00010 spa d | ||
| 010 | _a10901 | ||
| 011 | _a11873 | ||
| 020 | _a9684760513 | ||
| 035 | _a11549 | ||
| 040 | _cCHAP | ||
| 082 | 0 | 4 |
_a306.74 _bG65 1988 |
| 100 | 1 |
_aGómezjara, Francisco A. _949969 |
|
| 245 | 1 | 0 |
_aSociología de la prostitución / _c/por Francisco A. Gómezjara y Estanislao Barrera. |
| 250 | _a3 ed. | ||
| 260 |
_aMéxico, D.F. : _bDistribuciones Fontamara, _c1988. |
||
| 300 |
_a223 p. ; : _bcuadros. |
||
| 590 |
_aBATCH-UPD _b10 _c20130110 _lUCH01 _h0918 |
||
| 590 |
_aBATCH-UPD _b10 _c20130410 _lUCH01 _h0541 |
||
| 590 |
_aBATCH-UPD _b10 _c20130914 _lUCH01 _h0540 |
||
| 590 |
_aBATCH-UPD _b10 _c20170607 _lUCH01 _h1110 |
||
| 590 |
_aCONVERSION _b10 _c20130109 _lUCH01 _h1307 |
||
| 590 |
_aE11695DGD _b10 _c20170607 _lUCH01 _h1113 |
||
| 650 | 1 | 4 | _aProstitución. |
| 700 | 0 |
_aBarrera, Estanislao. _910426 |
|
| 901 | _aBK | ||
| 942 | _cLIBRO | ||
| 942 | _n0 | ||
| 949 |
_a306.74 G65 1988 _bBC _cLIBRO _d33724000850632 _eLIBRO _gDonaciØn _h102090 _i11549 _si |
||
| 999 |
_c10901 _d10901 |
||